Satellitenbilder - Europa - Statistiken

Allgemein
  • Dieses Quiz wurde 9.639 mal gespielt
    9.573 seit der letzten Aktualisierung
  • Das Durchschnittsergebnis liegt bei 9 aus 16
Antwortstatistiken
Bildquiz Hint Antwort % Korrekt
Land Portugal
92%
Land Dänemark
88%
Land Niederlande
84%
Stadt Venedig
83%
Land Kroatien
78%
Insel Sizilien
76%
Bauwerk Das Kolosseum
73%
Gewässer Adriatisches Meer
64%
Insel Kreta
55%
Insel Rügen
49%
Stadt Amsterdam
45%
Land Estland
45%
Flussdelta Donau
36%
Halbinsel Bretagne
32%
Gewässer Golf von {Biskaya}
27%
Stadt St. Petersburg
21%
Keine übereinstimmenden Quizze gefunden
Verteilung der Resultate
Anzahl Personen mit jedem Resultat
Perzentil nach korrekt beantworteten Fragen
Ihre Resultats-Entwicklung
Sie haben dieses Quiz seit der letzten Aktualisierung nicht gespielt